00402 2200169 4500001002100000005001500021035002000036245005200056100001800108300001200126260002600138082000800164084001400172020002200186990001200208990001200220INLIS00000000000169920250430094537 a0010-04250001151 aTulodho Kagem Pranata Adhicara /cNyoto Sukismo0 aNyoto Sukismo a128 hlm aSolo :bLingkar Media a418 a418 NYO t a978-602-365-008-8 a0754643 a0754644